| 000 | 00990pam a2200277 a 4500 | ||
|---|---|---|---|
| 999 |
_c8071 _d8071 |
||
| 001 | 2469545 | ||
| 003 | GBCCL | ||
| 005 | 20241126110642.0 | ||
| 008 | 901107s1991 tnu b 001 0 eng | ||
| 010 | _a 90023791 | ||
| 020 |
_a0805413251 : _c$19.95 |
||
| 040 |
_aDLC _cDLC _dDLC |
||
| 050 | 0 | 0 |
_aBS2407 _b.C38 1991 |
| 082 | 0 | 0 |
_a225.95 _220 _bCAT |
| 100 | 1 |
_aCate, Robert L. _914088 |
|
| 245 | 1 | 2 |
_aA history of the New Testament and its times / _cRobert L. Cate. |
| 260 |
_aNashville, Tenn. : _bBroadman Press, _cc1991. |
||
| 300 |
_a348 p. ; _c24 cm. |
||
| 504 | _aIncludes bibliographical references (p. [339]-341) and indexes. | ||
| 630 | 0 | 0 |
_aBible. _pNew Testament _xHistory of Biblical events. _92473 |
| 630 | 0 | 0 |
_aBible. _pNew Testament _xHistory of contemporary events. _99091 |
| 630 | 0 | 0 |
_aBible. _pNew Testament _vIntroductions. _93504 |
| 906 |
_a7 _bcbc _corignew _d1 _eocip _f19 _gy-gencatlg |
||
| 942 |
_2ddc _cBK _027 |
||